LA NUOVA ANTOLOGIA. MAGGIO AGOSTO 1966. VOL. II. RIVISTA DI SCIENZE LETTERE ARTI. (Record n. 329393)

Dettagli MARC
000 -LEADER
fixed length control field 01793nas a2200277Ia 4500
001 - CONTROL NUMBER
control field R050-S0801
003 - CONTROL NUMBER IDENTIFIER
control field IT-CnALBA
008 - FIXED-LENGTH DATA ELEMENTS--GENERAL INFORMATION
fixed length control field 170116c99999999xx |||||||||||| ||und||
040 ## - CATALOGING SOURCE
Original cataloging agency IT-CnALBA
Transcribing agency IT-CnALBA
041 ## - LANGUAGE CODE
Language code of text/sound track or separate title ITALIANO
999 ## - SYSTEM CONTROL NUMBERS (KOHA)
Koha Dewey Subclass [OBSOLETE] NO
100 ## - MAIN ENTRY--PERSONAL NAME
Personal name SPADOLINI GIOVANNI
210 ## - ABBREVIATED TITLE
Abbreviated title LA NUOVA ANTOLOGIA
222 ## - KEY TITLE
Key title LA NUOVA ANTOLOGIA
245 #0 - TITLE STATEMENT
Title LA NUOVA ANTOLOGIA. MAGGIO AGOSTO 1966. VOL. II. RIVISTA DI SCIENZE LETTERE ARTI.
Remainder of title RIVISTA DI SCIENZE LETTERE ARTI
250 ## - EDITION STATEMENT
Edition statement 1a ed.
260 ## - PUBLICATION, DISTRIBUTION, ETC. (IMPRINT)
Place of publication, distribution, etc. ROMA
Name of publisher, distributor, etc. LA NUOVA ANTOLOGIA, SOC. PER AZ.
Date of publication, distribution, etc. 1966 [1° Ed.:1966 - Ed.Ling.Originale: 1966]
300 ## - PHYSICAL DESCRIPTION
Extent 576 p.
310 ## - CURRENT PUBLICATION FREQUENCY
Current publication frequency MENSILE
362 ## - DATES OF PUBLICATION AND/OR SEQUENTIAL DESIGNATION
Dates of publication and/or sequential designation Fascicolo: 1985-1988 / Anno: 101 (1966)
500 ## - GENERAL NOTE
General note EUROPA E LIBERTÀ. UNAMUNO. CULTORE DI DANTE. FONTANESI V. BOCELLI A. TECCHI B. FERRARI A. REGGIO E. FIORI T. FELLINI BONI P. MARINELLI C. GIUGNO 1940. POPOLI TRA LA VITA E LA MORTE. ITINERARIO DI IGNAZIO SILONE. CRONACHE DI UN TRAMONTO, ROMANZO. L'INSTABILITA' IN AFRICA. FOSCOLO, SCRITTORE EUROPEO. IL FANCIULLO CARTESIANO, GINO SEVERINI, RABELAIS A ROMA. RASSEGNA LETTERE. ARTE. CULTURA VARIA. LA NUOVA ANTOLOGIA DI CENTO ANNI FA.
501 ## - WITH NOTE
With note Società San Paolo EM - Piazza San Paolo, 14 - 12051 ALBA (CN) (non commercial uses only) ® Copyright 2017
520 ## - SUMMARY, ETC.
Summary, etc. EUROPA E LIBERTÀ. UNAMUNO. CULTORE DI DANTE. FONTANESI V. BOCELLI A. TECCHI B. FERRARI A. REGGIO E. FIORI T. FELLINI BONI P. MARINELLI C. GIUGNO 1940. POPOLI TRA LA VITA E LA MORTE. ITINERARIO DI IGNAZIO SILONE. CRONACHE DI UN TRAMONTO, ROMANZO. L'INSTABILITA' IN AFRICA. FOSCOLO, SCRITTORE EUROPEO. IL FANCIULLO CARTESIANO, GINO SEVERINI, RABELAIS A ROMA. RASSEGNA LETTERE. ARTE. CULTURA VARIA. LA NUOVA ANTOLOGIA DI CENTO ANNI FA.
650 ## - SUBJECT ADDED ENTRY--TOPICAL TERM
Topical term or geographic name as entry element LETTERATURA - SCIENZA - ARTE
942 ## - ADDED ENTRY ELEMENTS (KOHA)
Koha item type RIVISTA
957 ## -
-- 1
999 ## - SYSTEM CONTROL NUMBERS (KOHA)
-- 1
Dati di copia
Withdrawn status Lost status Damaged status Not for loan Home library Current library Date acquired Total Checkouts Full call number Date last seen Price effective from Koha item type Public note
    Buone Condizioni Not For Loan ALBA - Biblioteca ALBA - Biblioteca 16/01/2017   R050-S0801 16/01/2017 16/01/2017 RIVISTA (data import: 16 gennaio 2017) - By Epidotti, Vaglietti.
CREDITS: SOCIETA' SAN PAOLO Via A.Severo, 58 - ROMA (RM) & PERIODICI SAN PAOLO SRL Via Giotto, 36 MILANO & CISF Via Giotto, 36 MILANO & EDIZIONI SAN PAOLO SRL,  Piazza Soncino, 5 CINISELLO BALSAMO (MI) -- ITALY